Longs métrages Laika Studio - Statistiques

Statistiques générales
  • Ce quiz a été pris 3 fois
  • Le résultat moyen est 5 sur 9
Statistiques - réponses
Année Réponse % Correct
2009 Coraline
100%
2014 Les Boxtrolls
100%
2016 Kubo et l'armure magique
67%
2012 L'Etrange Pouvoir de Norman
67%
2026 Wildwood
67%
2005 Les noces funèbres
33%
2019 Monsieur Link
33%
???? Piranesi
33%
???? The Night Gardener
33%
Aucun quiz correspondant
Distribution des résultats
% des personnes avec chaque résultat
Percentile par nombre de réponses
Votre historique - résultats
Vous n’avez pas pris ce quiz